Statistiken für Länder, die an China grenzen

Klicken Sie hier um das Quiz zu spielen!

Allgemein

  • Dieses Quiz wurde 21.594 mal gespielt
  • Das Durchschnittsergebnis liegt bei 12 aus 14

Antwortstatistiken

LängeLand% Korrekt
3'605 kmRussland
98%
4'677 kmMongolei
97%
3'380 kmIndien
95%
1'416 kmNordkorea
93%
1'236 kmNepal
88%
1'281 kmVietnam
88%
1'533 kmKasachstan
86%
523 kmPakistan
82%
423 kmLaos
80%
858 kmKirgisistan
77%
2'185 kmMyanmar
77%
470 kmBhutan
76%
414 kmTadschikistan
74%
76 kmAfghanistan
73%

Verteilung der Resultate

Perzentil nach korrekt beantworteten Fragen

Anzahl Personen mit jedem Resultat

Ihre Resultats-Entwicklung

Sie haben dieses Quiz noch nicht gespielt